The necessary revolution (Registro nro. 19597)
[ vista simple ]
| 000 -LEADER | |
|---|---|
| fixed length control field | 00322 a2200121 4500 |
| 001 - CONTROL NUMBER | |
| control field | ART_17545 |
| 005 - DATE AND TIME OF LATEST TRANSACTION | |
| control field | 20260410161750.0 |
| 008 - FIXED-LENGTH DATA ELEMENTS--GENERAL INFORMATION | |
| fixed length control field | 260409a |
| 100 1# - MAIN ENTRY--PERSONAL NAME | |
| Personal name | Senge, Perter M. |
| 245 10 - TITLE STATEMENT | |
| Title | The necessary revolution |
| 700 1# - ADDED ENTRY--PERSONAL NAME | |
| Personal name | Smith, Bryan |
| 773 0# - HOST ITEM ENTRY | |
| Title | Book Summary |
| Related parts | - Nº 12 (ene. 2009) |
| Record control number | REV4099 |
No hay ítems disponibles.